Geografía de Costa Rica (Registro nro. 9835)
[ vista simple ]
| 000 -CABECERA | |
|---|---|
| campo de control de longitud fija | 00736aam a2200277 4500 |
| 005 - FECHA Y HORA DE ACTUALIZACIÓN | |
| campo de control | 20190306193922.0 |
| 008 - LONGITUD FIJA | |
| campo de control de longitud fija | 150421b xxu||||| |||| 00| 0 spa d |
| 041 ## - IDIOMA | |
| Código de idioma del texto/pista de sonido o título separado | |
| 082 ## - CLASIFICACIÓN DECIMAL DEWEY | |
| Número de clasificación | 917.286 V297g2 |
| 100 ## - AUTOR PERSONAL | |
| Nombre de persona | Vargas Ulate, Gilbert |
| 245 ## - TÍTULO PROPIAMENTE DICHO | |
| Título | Geografía de Costa Rica |
| 260 ## - PIE DE IMPRENTA | |
| Lugar de publicación, distribución, etc. | Costa Rica |
| 260 ## - PIE DE IMPRENTA | |
| Nombre del editor, distribuidor, etc. | EUNED |
| 260 ## - PIE DE IMPRENTA | |
| Fecha de publicación, distribución, etc. | 2012 |
| 300 ## - DESCRIPCIÓN FÍSICA | |
| Extensión | 384 páginas |
| 505 ## - Nota de Contenido | |
| Nota de contenido | Contiene disco compacto N° 104 |
| 650 ## - Materia General | |
| Materia general | COSTA RICA |
| 650 ## - Materia General | |
| Materia general | GEOGRAFÍA |
| 650 ## - Materia General | |
| Materia general | RECURSOS NATURALES |
| 650 ## - Materia General | |
| Materia general | CARTOGRAFÍA |
| 650 ## - Materia General | |
| Materia general | ECOLOGÍA |
| 650 ## - Materia General | |
| Materia general | BIODIVERSIDAD |
| 650 ## - Materia General | |
| Materia general | INDUSTRIAS |
| 650 ## - Materia General | |
| Materia general | PROTECCIÓN DEL MEDIO AMBIENTE |
| 942 ## - Punto de Acceso Adicional Koha | |
| Tipo de ítem Koha | Libro |
| Estado perdido | Estado dañado | No para préstamo | Biblioteca permanente | Biblioteca actual | Signatura completa | Código de barras | Precio efectivo a partir del | Tipo de ítem |
|---|---|---|---|---|---|---|---|---|
| Departamento de Biblioteca y Documentación Alfonso Chase Brenes | Departamento de Biblioteca y Documentación Alfonso Chase Brenes | 917.286 V297g | 17030 | 07/09/2017 | Libro | |||
| Departamento de Biblioteca y Documentación Alfonso Chase Brenes | Departamento de Biblioteca y Documentación Alfonso Chase Brenes | 917.286 V297g2 | 104DC | 06/03/2019 | Disco Compacto |